01638nam a2200193Ia 4500008004100000020001500041050001500056100003900071245009600110250001900206260003800225300003500263490003200298504002600330505099800356650001601354650003201370700004201402120625s2003 mx 001 0 spa d a968517251X 4aHD41 bT651 aToirac Garcia, Alexandere , autor10aVentaja competitiva de tu empresa c / Alexander Toirac García, Idalmis Caraballo Borges  a1a. edición  aMéxicob : Gasca SICCOc , 2003 axii, 90 páginas c ; 21 cm. 0 aPlaneación Estratégica  aBibliografía: p. 900 aUn enfoque sintético y práctico para una proyección estratégica Metodología para una proyección estratégica Aplicación de la metodología en empresa productora y comercializadora Análisis del ambiente externo (oportunidades y amenazas) Las cinco fuerzas que mueven la competencia según Michael Porter Influencias del macroambiente en las cinco fuerzas Análisis de las ventajas competitivas (fortalezas y debilidades) Estrategias para ventajas competitivas Los cuatro factores para lograr una ventaja competitiva Incidencia de los recursos y capacidades en la diferenciación de los productos Permanencia o durabilidad de ka ventaja competitiva ¿Qué hacer para implantar una estrategia competitiva ed una empresa? El diagnóstico punto de partida para proyectar, florecer e implementar la estrategia competitiva Proyección de la estrategia competitiva Planeación de la estrategia competitiva Negociación una herramienta para lograr las estrategias 4aCOMPETENCIA 4aADMINISTRACIÓN INDUSTRIAL1 aCaraballo Borges, Idalmis e , autor